000 00411nam a22001457a 4500
008 230201b |||||||| |||| 00| 0 eng d
020 _a9789937067164
082 _aN928/Sr349j
100 _aShrestha, Tej Prakash.
245 _aJiban rang:
_bjiban tarang(sasmriti).
260 _aKathmandu:
_bTanneri Prakasan,
_c2076BS.
300 _b236p.
650 _aShrestha, Tej Prakash-biography.
942 _2ddc
_cGEN
999 _c107106
_d107094